[Event "World Youth Open U16 2016"]
[Site "Khanty-Mansiysk RUS"]
[Date "2016.09.30"]
[Round "8.33"]
[White "Anaskin, Arsenij"]
[Black "Min, Po-Yen"]
[Result "0-1"]
[WhiteElo "2153"]
[BlackElo "1842"]
[WhiteFideId "357790"]
[BlackFideId "16300203"]
[EventDate "2016.09.22"]

1. e4 e6 2. d4 d5 3. Nd2 Nf6 4. e5 Nfd7 5. Bd3 c5 6. c3 Nc6 7. Ne2 cxd4 8. cxd4
f6 9. exf6 Nxf6 10. O-O Bd6 11. Nf3 Qc7 12. Be3 O-O 13. Nc3 a6 14. Rc1 Bf4 15.
g3 Bxe3 16. fxe3 Qd6 17. e4 dxe4 18. Nxe4 Nxe4 19. Bxe4 Bd7 20. Kg2 Ne7 21. Qd3
Nf5 22. g4 Bb5 23. Qd2 Bxf1+ 24. Rxf1 Ne7 25. Bxb7 Rab8 26. Be4 Rf4 27. Qc2
Rxg4+ 28. Kh1 Nf5 29. Ne5 Rh4 30. Nf3 Rf4 31. Rf2 g6 32. Rd2 Rf8 33. Qd3 Ne7 34.
Ng5 Rg4 35. Nxh7 Rxe4 36. Qxe4 Kxh7 37. Rd3 Qd5 38. Qxd5 Nxd5 39. Ra3 Nc7 40.
Rc3 Rf7 0-1

[Event "World Youth Open U16 2016"]
[Site "Khanty-Mansiysk RUS"]
[Date "2016.09.30"]
[Round "8.34"]
[White "Donoso Diaz, Sebastian"]
[Black "German, Nikita"]
[Result "0-1"]
[WhiteTitle "FM"]
[WhiteElo "2005"]
[BlackElo "2106"]
[WhiteFideId "3416097"]
[BlackFideId "24175501"]
[EventDate "2016.09.22"]

1. e4 c5 2. Nf3 e6 3. d4 cxd4 4. Nxd4 Nc6 5. Nb5 d6 6. c4 Nf6 7. N1c3 a6 8. Na3
Be7 9. Be2 O-O 10. O-O b6 11. Be3 Bb7 12. f3 Re8 13. Qd2 d5 14. Rad1 d4 15. Qc1
Qc8 16. Na4 dxe3 17. Nxb6 Qb8 18. Nxa8 Bxa8 19. Nc2 Bc5 20. Kh1 Qf4 21. Rd3 Qh6
22. Nxe3 Nh5 23. Rf2 f5 24. Qd2 fxe4 25. fxe4 Ng3+ 26. Kg1 Nxe4 0-1

[Event "World Youth Open U16 2016"]
[Site "Khanty-Mansiysk RUS"]
[Date "2016.09.30"]
[Round "8.35"]
[White "Garbowski, Jakub"]
[Black "Thilakarathne, G M S"]
[Result "1/2-1/2"]
[WhiteElo "2030"]
[BlackElo "1900"]
[WhiteFideId "1164929"]
[BlackFideId "9913475"]
[EventDate "2016.09.22"]

1. e4 c5 2. Nf3 e6 3. d4 cxd4 4. Nxd4 a6 5. Bd3 Nf6 6. O-O Qc7 7. Qe2 d6 8. f4
Nbd7 9. Nc3 Be7 10. Kh1 b6 11. Bd2 Bb7 12. Rae1 Nc5 13. b4 Nxd3 14. cxd3 Rc8 15.
Rc1 Qd7 16. Nb3 O-O 17. Be3 b5 18. a3 Rc7 19. Rc2 Rfc8 20. Rfc1 Bd8 21. Bd4 Ne8
22. Na5 Ba8 23. Qf2 Rb8 24. Nb3 f6 25. e5 Rc6 26. exd6 Rxd6 27. Nc5 Qc6 28. N3e4
Rd5 29. Re1 Bb6 30. Ng3 Nc7 31. Re4 Rd6 32. Ne2 Rd5 33. Ng3 1/2-1/2

[Event "World Youth Open U16 2016"]
[Site "Khanty-Mansiysk RUS"]
[Date "2016.09.30"]
[Round "8.36"]
[White "Sezdbekov, Arzybek"]
[Black "Van Der Lingen, Cornelis Petrus"]
[Result "1/2-1/2"]
[WhiteElo "1861"]
[BlackElo "1826"]
[WhiteFideId "13802046"]
[BlackFideId "14306620"]
[EventDate "2016.09.22"]

1. d4 Nf6 2. Nf3 g6 3. Bf4 Bg7 4. e3 c5 5. c3 Qb6 6. Qb3 Qxb3 7. axb3 cxd4 8.
exd4 Nc6 9. Bb5 O-O 10. O-O Nd8 11. Nbd2 Ne6 12. Be3 Nd5 13. Bc4 Nxe3 14. fxe3
d6 15. b4 Bh6 16. Rfe1 Nc7 17. e4 a6 18. Nb3 Bd7 19. e5 Be6 20. Bxe6 fxe6 21.
Na5 Rab8 22. exd6 exd6 23. Re2 Rfe8 24. Rae1 Kf7 25. Nc4 Rbd8 26. Rf1 Ke7 27.
Na5 Rb8 28. Re4 Kd7 29. Kh1 Bg7 30. Ng5 h6 31. Rf7+ Re7 32. Rxe7+ Kxe7 33. Nxe6
Nxe6 34. d5 Be5 35. dxe6 Kxe6 36. g3 d5 37. Re2 Kd6 38. Rd2 Bf6 39. Nb3 Re8 40.
c4 Re5 41. Nc5 Kc6 42. Nd3 Rf5 43. b3 1/2-1/2

[Event "World Youth Open U16 2016"]
[Site "Khanty-Mansiysk RUS"]
[Date "2016.09.30"]
[Round "8.37"]
[White "Kristensen, Bjarke Hautop"]
[Black "Hiebert, Kenji"]
[Result "1/2-1/2"]
[WhiteElo "2039"]
[BlackElo "2066"]
[WhiteFideId "1437747"]
[BlackFideId "7001959"]
[EventDate "2016.09.22"]

1. c4 c5 2. g3 g6 3. Bg2 Bg7 4. Nc3 Nc6 5. Nf3 e5 6. O-O Nge7 7. a3 O-O 8. Rb1
a5 9. Ne1 d6 10. Nc2 Be6 11. Ne3 Qd7 12. Ned5 Rab8 13. d3 b6 14. Qa4 Bh3 15. Ne4
Nxd5 16. Bxh3 Qxh3 17. Qxc6 Ne7 18. Qxd6 Nf5 19. Nf6+ Kh8 20. Qxe5 Rbe8 21. Qxe8
Rxe8 22. Nxe8 Nh4 23. gxh4 Be5 24. f4 Bd4+ 25. e3 Bxe3+ 26. Bxe3 Qxe3+ 27. Kh1
Qxe8 28. Rbe1 Qa8+ 29. Kg1 Qd8 30. h5 Kg7 31. hxg6 Qxd3 32. gxf7 Kxf7 33. f5
Qxc4 34. f6 Qd5 35. Rf2 c4 36. Re7+ Kf8 37. Re3 Kf7 38. Kf1 Qd1+ 39. Re1 Qd3+
40. Kg1 b5 41. Re7+ Kf8 42. f7 Qb1+ 43. Kg2 Qg6+ 44. Kf1 Qb1+ 45. Re1 Qd3+ 46.
Ree2 Qb1+ 47. Kg2 Qg6+ 48. Kh1 Qb1+ 49. Kg2 1/2-1/2

[Event "World Youth Open U16 2016"]
[Site "Khanty-Mansiysk RUS"]
[Date "2016.09.30"]
[Round "8.38"]
[White "Herath, H M A K"]
[Black "Svidersky, Nikita"]
[Result "0-1"]
[WhiteElo "1860"]
[BlackElo "1979"]
[WhiteFideId "9910859"]
[BlackFideId "13513133"]
[EventDate "2016.09.22"]

1. e4 c5 2. Nf3 Nc6 3. d4 cxd4 4. Nxd4 Nf6 5. Nc3 e6 6. a3 d5 7. exd5 Nxd5 8.
Nxc6 bxc6 9. Ne4 Be7 10. Bd3 f5 11. Ng3 O-O 12. O-O Bf6 13. Qe2 Qc7 14. Nh5 Be5
15. f4 Bd4+ 16. Kh1 g6 17. Ng3 c5 18. c3 Bg7 19. c4 Nb6 20. Rb1 Re8 21. Qc2 Bb7
22. h3 Rad8 23. Be3 Qc6 24. Rf2 Rd7 25. b4 cxb4 26. axb4 Red8 27. Be2 Bd4 28.
Bxd4 Rxd4 29. c5 Nd5 30. b5 Qc7 31. c6 Bc8 32. Bf3 Nxf4 33. Ne2 Rd2 34. Qa4 Qb6
35. Rbf1 Nd3 36. Qh4 Nxf2+ 37. Rxf2 Qxb5 38. Nf4 Qb1+ 39. Kh2 Qb8 40. Rxd2 Rxd2
41. Kh1 Qd6 42. Nxg6 hxg6 43. Qf6 e5 0-1

[Event "World Youth Open U16 2016"]
[Site "Khanty-Mansiysk RUS"]
[Date "2016.09.30"]
[Round "8.39"]
[White "Plaza Reino, Agustin"]
[Black "Marais, Daniel"]
[Result "1-0"]
[WhiteElo "1891"]
[BlackElo "1850"]
[WhiteFideId "32083483"]
[BlackFideId "14309440"]
[EventDate "2016.09.22"]

1. e4 e5 2. Nf3 Nc6 3. d4 exd4 4. Nxd4 Nf6 5. Nxc6 bxc6 6. e5 Qe7 7. Qe2 Nd5 8.
c4 Ba6 9. b3 Qh4 10. a3 Bc5 11. Qf3 Ne7 12. Ra2 Ng6 13. Re2 O-O 14. g3 Qd4 15.
Qe3 Qa1 16. Qe4 Bd4 17. f4 Rab8 18. Qc2 Bxc4 19. Qxc4 Qxb1 20. b4 Qa1 21. Rc2
Bb6 22. Ke2 Qd4 23. Qxd4 Bxd4 24. Rd2 c5 25. bxc5 Bxc5 26. Rxd7 Rb3 27. a4 Bb6
28. Bg2 Rc3 29. Bd2 Rc2 30. Kd3 Ra2 31. Bc6 Ra3+ 32. Kc4 Rb8 33. Rb1 Nf8 34. Rd5
Rc8 35. Bc3 Ne6 36. Kb4 Ra2 37. Bb2 Nc5 38. Bd4 a5+ 39. Kc3 Ra3+ 40. Kb2 Rd3 41.
Bxc5 Rxd5 42. Bxb6 Rd2+ 43. Kc3 cxb6 44. Kxd2 Rxc6 45. Rc1 Rxc1 46. Kxc1 Kf8 47.
Kc2 Ke7 48. Kc3 Kd7 49. Kc4 Kc6 50. f5 h5 51. e6 fxe6 52. fxe6 Kd6 53. Kb5 Kxe6
54. Kxb6 Kd6 55. Kxa5 Kc5 56. Ka6 Kc6 57. h4 Kc5 58. Kb7 Kb4 59. Kc7 Kxa4 1-0

[Event "World Youth Open U16 2016"]
[Site "Khanty-Mansiysk RUS"]
[Date "2016.09.30"]
[Round "8.40"]
[White "Petersen, Caleb"]
[Black "Chumak, Dmitrii"]
[Result "1-0"]
[WhiteElo "1884"]
[BlackElo "1791"]
[WhiteFideId "2622734"]
[BlackFideId "34106658"]
[EventDate "2016.09.22"]

1. e4 e5 2. Nf3 Nc6 3. Bb5 a6 4. Ba4 b5 5. Bb3 Bc5 6. O-O d6 7. c3 Bg4 8. a4 Nf6
9. d3 h6 10. Be3 Bxe3 11. fxe3 O-O 12. Qe1 Qe7 13. Nbd2 Be6 14. Bc2 b4 15. d4
bxc3 16. bxc3 exd4 17. exd4 Bg4 18. Qg3 Bxf3 19. Qxf3 Qd7 20. Nc4 Nh7 21. Rae1
f6 22. Qd3 Ne7 23. e5 f5 24. exd6 Nd5 25. Rxf5 Nhf6 26. Rxd5 1-0

[Event "World Youth Open U16 2016"]
[Site "Khanty-Mansiysk RUS"]
[Date "2016.09.30"]
[Round "8.41"]
[White "Maerevoet, Sim"]
[Black "Wang, Ting-Hao"]
[Result "1/2-1/2"]
[WhiteElo "1771"]
[BlackElo "1618"]
[WhiteFideId "241725"]
[BlackFideId "16300602"]
[EventDate "2016.09.22"]

1. e4 d5 2. exd5 Qxd5 3. Nc3 Qa5 4. d4 Nf6 5. Nf3 Bg4 6. h3 Bxf3 7. Qxf3 c6 8.
Bc4 e6 9. O-O Nbd7 10. Bb3 Bd6 11. Bd2 Qc7 12. Rfe1 O-O-O 13. Bg5 h6 14. Bh4 g5
15. Bg3 Bxg3 16. Qxg3 Nh5 17. Qxc7+ Kxc7 18. g3 Ndf6 19. Rad1 Ng7 20. Ne2 Nf5
21. c3 b6 22. Nc1 Ne7 23. Nd3 Rhe8 24. Bc2 1/2-1/2

[Event "World Youth Open U16 2016"]
[Site "Khanty-Mansiysk RUS"]
[Date "2016.09.30"]
[Round "8.42"]
[White "Hsieh, Wen-Chin"]
[Black "Van der Meer, Anthony"]
[Result "1/2-1/2"]
[WhiteElo "1063"]
[BlackElo "1073"]
[WhiteFideId "16301013"]
[BlackFideId "15200760"]
[EventDate "2016.09.22"]

1. e4 e5 2. Nf3 Nc6 3. Bb5 a6 4. Bxc6 dxc6 5. O-O Bg4 6. h3 h5 7. d3 Bxf3 8.
Qxf3 Qf6 9. Qxf6 Nxf6 10. Bg5 Nd7 11. Nd2 f6 12. Be3 Bc5 13. Bxc5 Nxc5 14. Nc4
O-O-O 15. f4 exf4 16. Rxf4 Ne6 17. Rf2 Rdf8 18. Ne3 Rf7 19. b4 Nd4 20. c3 Nb5
21. c4 Nd4 22. a4 a5 23. bxa5 Nb3 24. Rb1 Nxa5 25. Rf5 b6 26. Rf2 1/2-1/2

[Event "World Youth Open U16 2016"]
[Site "Khanty-Mansiysk RUS"]
[Date "2016.10.01"]
[Round "9.1"]
[White "Martirosyan, Haik M."]
[Black "Triapishko, Olexandr"]
[Result "1/2-1/2"]
[WhiteTitle "IM"]
[WhiteElo "2470"]
[BlackElo "2458"]
[WhiteFideId "13306553"]
[BlackFideId "14122286"]
[EventDate "2016.09.22"]

1. Nf3 d5 2. d4 c6 3. c4 e6 4. Nbd2 Nf6 5. g3 Nbd7 6. Bg2 Bd6 7. O-O O-O 8. Qc2
Re8 9. e4 Nxe4 10. Nxe4 dxe4 11. Qxe4 e5 12. Bg5 f6 13. Bd2 exd4 14. Qxd4 Bf8
15. Rfe1 Ne5 16. Qxd8 Nxf3+ 17. Bxf3 Rxd8 18. Ba5 Rd3 19. Be4 Rd4 20. Bc3 Rd8
21. Ba5 Rd4 22. Bc3 Rd8 23. Ba5 Rd4 24. Bc3 Rd8 1/2-1/2

[Event "World Youth Open U16 2016"]
[Site "Khanty-Mansiysk RUS"]
[Date "2016.10.01"]
[Round "9.2"]
[White "Tahbaz, Arash"]
[Black "Maghsoodloo, Parham"]
[Result "0-1"]
[WhiteElo "2420"]
[BlackElo "2566"]
[WhiteFideId "12528846"]
[BlackFideId "12539929"]
[EventDate "2016.09.22"]

1. e4 d6 2. d4 g6 3. Nc3 Bg7 4. f4 a6 5. Nf3 b5 6. Bd3 Bb7 7. e5 Nd7 8. O-O c5
9. Be4 Bxe4 10. Nxe4 cxd4 11. exd6 Qb6 12. Re1 e6 13. f5 gxf5 14. Ng3 O-O-O 15.
a4 b4 16. Nh5 Bh6 17. Qxd4 Qxd4+ 18. Nxd4 Nb8 19. Nf3 Bxc1 20. Rexc1 Rxd6 21. c3
b3 22. Ra3 Nd7 23. Rxb3 Ne7 24. Rb4 e5 25. Ng3 Rg8 26. Nh4 Rd2 27. Re1 f4 28.
Nf1 Rd5 29. Nf3 Nc6 30. Rc4 Kb7 31. b4 Nb6 32. Rxc6 Kxc6 33. c4 Rdd8 34. Nxe5+
Kc7 35. a5 Nc8 36. b5 axb5 37. cxb5 Rd5 38. Rc1+ Kb7 39. a6+ Kb6 40. Nf3 Rxb5
41. Rc4 Kxa6 42. Rxf4 Nd6 43. Rh4 h5 44. Rf4 Rg4 45. Rf6 Rg6 46. Rf4 Kb6 47. h3
Kc7 48. Kh2 Kd7 49. Ng3 Ke7 50. Rh4 Rxg3 51. Kxg3 Nf5+ 52. Kf4 Kf6 53. Rxh5 Rb4+
54. Nd4 Rxd4+ 55. Kf3 Rh4 56. Rxh4 Nxh4+ 57. Kg3 Kg5 58. Kf2 Kf5 59. Kg3 Ng6 60.
Kf3 Ne5+ 61. Ke3 f6 62. g3 Nf7 63. Kf3 Ng5+ 64. Kg2 Ke4 65. h4 Nf7 66. Kh3 Kf5
67. g4+ Kf4 68. h5 Nh6 0-1

[Event "World Youth Open U16 2016"]
[Site "Khanty-Mansiysk RUS"]
[Date "2016.10.01"]
[Round "9.3"]
[White "Pultinevicius, Paulius"]
[Black "Gholami, Aryan"]
[Result "0-1"]
[BlackTitle "FM"]
[WhiteElo "2351"]
[BlackElo "2435"]
[WhiteFideId "12809390"]
[BlackFideId "12513342"]
[EventDate "2016.09.22"]

1. Nf3 Nf6 2. g3 b6 3. Bg2 Bb7 4. O-O e6 5. d3 d5 6. Nbd2 Be7 7. e4 c5 8. Re1
Nc6 9. exd5 Nxd5 10. Nc4 O-O 11. c3 Qc7 12. Qe2 Rad8 13. Ng5 b5 14. Ne3 Nxc3 15.
Qh5 Bxg5 16. Qxg5 Na4 17. Nc2 f6 18. Qf4 Ne5 19. b3 Bxg2 20. Kxg2 Nc3 0-1

[Event "World Youth Open U16 2016"]
[Site "Khanty-Mansiysk RUS"]
[Date "2016.10.01"]
[Round "9.4"]
[White "Tran, Minh Thang"]
[Black "Tabatabaei, M.amin"]
[Result "1-0"]
[WhiteTitle "FM"]
[BlackTitle "IM"]
[WhiteElo "2293"]
[BlackElo "2493"]
[WhiteFideId "12401080"]
[BlackFideId "12521213"]
[EventDate "2016.09.22"]

1. d4 Nf6 2. Bf4 c5 3. e3 Nd5 4. Bg3 Qb6 5. b3 cxd4 6. exd4 g6 7. Nf3 Bh6 8. Bc4
Qb4+ 9. Kf1 Qa5 10. c3 Nf4 11. Ne5 d5 12. Qd2 g5 13. b4 Qa4 14. Bb3 Qa6+ 15. b5
Qxb5+ 16. c4 Qa6 17. Nc3 Be6 18. h4 Bg7 19. hxg5 Bxe5 20. dxe5 Ng6 21. Nxd5 Bxd5
22. Qxd5 O-O 23. Qf3 Nd7 24. Rd1 Nc5 25. Qh5 Rfd8 26. Qxh7+ Kf8 27. Qh6+ Kg8 28.
Re1 e6 29. Qh7+ Kf8 30. Rh6 Nxb3 31. axb3 b5 32. cxb5 Qxb5+ 33. Kg1 Qd3 34. Kh2
Rac8 35. Re3 Qb1 36. Rf3 Rc7 37. Rxg6 1-0

[Event "World Youth Open U16 2016"]
[Site "Khanty-Mansiysk RUS"]
[Date "2016.10.01"]
[Round "9.5"]
[White "Moroni, Luca Jr"]
[Black "Fakhrutdinov, Timur"]
[Result "0-1"]
[WhiteTitle "FM"]
[BlackTitle "FM"]
[WhiteElo "2459"]
[BlackElo "2419"]
[WhiteFideId "865834"]
[BlackFideId "24176702"]
[EventDate "2016.09.22"]

1. c4 c5 2. Nf3 Nc6 3. d4 cxd4 4. Nxd4 Nf6 5. Nc3 e6 6. a3 Bc5 7. Nb3 Be7 8. e4
O-O 9. Be2 b6 10. O-O Bb7 11. Be3 d6 12. f4 Rc8 13. Qe1 Qc7 14. Qg3 Rfd8 15.
Rad1 Ne8 16. f5 Bf6 17. fxe6 fxe6 18. Bg4 Qe7 19. Qh3 Nc7 20. Nb5 Ne5 21. Nxa7
Rb8 22. Nb5 Bxe4 23. N3d4 Nxg4 24. Qxg4 Nxb5 25. Nxb5 Bg6 26. Bd4 e5 27. Be3 Bf7
28. Nc3 b5 29. Nd5 Bxd5 30. cxd5 e4 31. Rd2 Kh8 32. Rc1 Re8 33. Rc6 Be5 34. Rf2
Rf8 35. Rcc2 Bf6 36. Rf1 b4 37. a4 b3 38. Rcf2 Bxb2 39. Qxe4 Be5 40. Bg5 Qa7 41.
Be3 Qa8 42. Rxf8+ Rxf8 43. Rxf8+ Qxf8 44. a5 Qc8 45. Qb4 b2 46. a6 Bd4 0-1

[Event "World Youth Open U16 2016"]
[Site "Khanty-Mansiysk RUS"]
[Date "2016.10.01"]
[Round "9.6"]
[White "Livaic, Leon"]
[Black "Sorokin, Aleksey"]
[Result "1-0"]
[WhiteTitle "FM"]
[BlackTitle "FM"]
[WhiteElo "2436"]
[BlackElo "2437"]
[WhiteFideId "14531534"]
[BlackFideId "24176460"]
[EventDate "2016.09.22"]

1. d4 Nf6 2. c4 g6 3. f3 d5 4. cxd5 Nxd5 5. e4 Nb6 6. Nc3 Bg7 7. Be3 O-O 8. Qd2
Nc6 9. O-O-O Qd6 10. Kb1 Rd8 11. Nb5 Qd7 12. d5 a6 13. Nc3 Qe8 14. Qc1 Na5 15.
h4 e6 16. Bf4 Qe7 17. h5 exd5 18. hxg6 hxg6 19. Bg5 f6 20. Bh6 Be6 21. Nge2 dxe4
22. Nd4 Bh8 23. Bf8 Bxa2+ 24. Nxa2 Rxf8 25. Ne6 Rfc8 26. Qh6 Kf7 27. Nf4 Rg8 28.
Qh7+ Rg7 29. Nxg6 Rxh7 30. Rxh7+ Kxg6 31. Rxe7 Rc8 32. Rxe4 Nc6 33. Bd3 Kf7 34.
Nc3 Bg7 35. Bc2 Ne5 36. Bb3+ Kf8 37. f4 Nf7 38. g4 Nd6 39. Re2 Bh6 40. g5 Bg7
41. gxf6 Bxf6 42. Rg1 Bg7 43. f5 Ndc4 44. Bxc4 Nxc4 45. Reg2 Bxc3 46. Rg8+ Ke7
47. Rxc8 Be5 48. Rh1 Kd7 49. Rg8 Ke7 50. Rg6 Kf8 51. Rh7 Nd6 1-0

[Event "World Youth Open U16 2016"]
[Site "Khanty-Mansiysk RUS"]
[Date "2016.10.01"]
[Round "9.7"]
[White "Costachi, Mihnea"]
[Black "Zhu, Yi"]
[Result "1-0"]
[WhiteTitle "FM"]
[BlackTitle "FM"]
[WhiteElo "2420"]
[BlackElo "2296"]
[WhiteFideId "1217518"]
[BlackFideId "8607435"]
[EventDate "2016.09.22"]

1. d4 Nf6 2. c4 g6 3. Nc3 Bg7 4. e4 d6 5. Be2 O-O 6. Bg5 Na6 7. Qd2 e5 8. d5 c6
9. f3 cxd5 10. cxd5 Bd7 11. Bxa6 bxa6 12. Nge2 Rb8 13. Be3 Rb7 14. O-O Qb8 15.
b3 Rc7 16. Rac1 Rfc8 17. Nb1 Ne8 18. Na3 f5 19. Rxc7 Rxc7 20. Rc1 f4 21. Bf2 Bf6
22. Qa5 Rxc1+ 23. Nxc1 Qc8 24. Nc4 Bd8 25. Qc3 Qc7 26. Kf1 g5 27. g4 fxg3 28.
hxg3 h5 29. Kg1 Bh3 30. Qe3 Qf7 31. Kh2 Bd7 32. Kg2 Bb5 1-0

[Event "World Youth Open U16 2016"]
[Site "Khanty-Mansiysk RUS"]
[Date "2016.10.01"]
[Round "9.8"]
[White "Agmanov, Zhandos"]
[Black "Fawzy, Adham"]
[Result "1-0"]
[WhiteTitle "FM"]
[BlackTitle "IM"]
[WhiteElo "2316"]
[BlackElo "2451"]
[WhiteFideId "13708309"]
[BlackFideId "10613129"]
[EventDate "2016.09.22"]

1. e4 c5 2. Nf3 Nc6 3. d4 cxd4 4. Nxd4 e5 5. Nb5 d6 6. N1c3 a6 7. Na3 b5 8. Nd5
Nce7 9. c4 Nxd5 10. exd5 bxc4 11. Nxc4 Be7 12. Be3 Bd7 13. Nb6 Rb8 14. Nxd7 Qxd7
15. Bxa6 Rxb2 16. a4 Nf6 17. Qc1 Rb8 18. Bb5 Rxb5 19. axb5 Nxd5 20. Ra8+ Bd8 21.
Qc6 Qxc6 22. bxc6 Ke7 23. O-O Re8 24. Rd1 Nb4 25. Rc8 Ba5 26. Rxe8+ Kxe8 27.
Rxd6 Bc7 28. Rd7 Bd8 29. Rb7 Nxc6 30. Kf1 Be7 31. Rc7 Na5 32. Bc5 Bd8 33. Rc8
Nc4 34. Bb4 Nb6 35. Rb8 Nd7 36. Ra8 Nb6 37. Ra7 Nd5 38. Ba5 Be7 39. g3 f6 40.
Ke2 Kf7 41. Ra6 g5 42. Kd3 f5 43. Bc3 g4 44. Kc4 Nxc3 45. Kxc3 Bc5 46. Ra2 Kf6
47. Kc4 Bd4 48. Kd5 h5 49. Ra8 Bxf2 50. Rf8+ Kg6 51. Kxe5 Bg1 52. Rh8 Bxh2 53.
Kf4 h4 54. Rxh4 Bg1 55. Rh1 Bc5 56. Rd1 Ba3 57. Ke5 Be7 58. Rd5 Bb4 59. Kf4 Be1
60. Rd6+ Kf7 61. Rd1 Bf2 62. Rf1 Bc5 63. Kxf5 Bd6 64. Kxg4+ Kg6 65. Ra1 Be7 66.
Ra6+ Bf6 67. Kf4 Kg7 68. Kf5 Bc3 69. g4 Bd2 70. g5 Be3 71. Rc6 Bd4 72. Rc7+ Kg8
73. Kg6 Kf8 74. Rf7+ Ke8 75. Rf1 1-0

[Event "World Youth Open U16 2016"]
[Site "Khanty-Mansiysk RUS"]
[Date "2016.10.01"]
[Round "9.9"]
[White "Hilby, Craig"]
[Black "Raghunandan, Kaumandur Srihari"]
[Result "1-0"]
[WhiteTitle "FM"]
[BlackTitle "FM"]
[WhiteElo "2319"]
[BlackElo "2451"]
[WhiteFideId "2062674"]
[BlackFideId "25004964"]
[EventDate "2016.09.22"]

1. e4 c5 2. Nf3 d6 3. d4 cxd4 4. Nxd4 Nf6 5. Nc3 a6 6. Be3 e6 7. g4 e5 8. Nf5 h5
9. g5 Nxe4 10. Nxg7+ Bxg7 11. Nxe4 d5 12. Ng3 d4 13. Bd2 Qd5 14. c4 Qc6 15. Bd3
Bg4 16. Qc2 Bf3 17. O-O Nd7 18. Rfe1 O-O-O 19. b4 Rdg8 20. h4 f6 21. a4 fxg5 22.
b5 Qc5 23. Bxg5 Bf6 24. Bf5 Bxg5 25. Bxd7+ Kc7 26. Be6 Re8 27. Bf7 Bxh4 28. Bxe8
Rxe8 29. Qg6 Rd8 30. Qf7+ Kb8 31. Qxf3 d3 32. bxa6 Rd7 33. Rab1 b6 34. Qe3 d2
35. Rxb6+ Ka7 36. Qxc5 1-0

[Event "World Youth Open U16 2016"]
[Site "Khanty-Mansiysk RUS"]
[Date "2016.10.01"]
[Round "9.10"]
[White "Kevlishvili, Robby"]
[Black "Ozen, Bahadir"]
[Result "1-0"]
[WhiteTitle "FM"]
[BlackTitle "FM"]
[WhiteElo "2402"]
[BlackElo "2304"]
[WhiteFideId "1040634"]
[BlackFideId "6337058"]
[EventDate "2016.09.22"]

1. e4 e5 2. Nf3 Nc6 3. Bb5 a6 4. Ba4 Nge7 5. c3 g6 6. d4 exd4 7. cxd4 b5 8. Bb3
Bg7 9. d5 Na5 10. Bd2 Bxb2 11. Bxa5 Bxa1 12. Nc3 Bb2 13. Qc2 Bxc3+ 14. Qxc3 O-O
15. Bxc7 Qe8 16. O-O g5 17. Nxg5 h6 18. Qf6 Ng6 19. d6 hxg5 20. Qxg6+ Kh8 21.
Qh6+ Kg8 22. Qxg5+ Kh7 23. e5 Rg8 24. Qh4+ Kg7 25. Qf6+ Kf8 26. Bd5 Ra7 27. Bb6
Rb7 28. Be3 Qe6 1-0

[Event "World Youth Open U16 2016"]
[Site "Khanty-Mansiysk RUS"]
[Date "2016.10.01"]
[Round "9.11"]
[White "Nikitenko, Mihail"]
[Black "Mustafin, Andrey"]
[Result "1-0"]
[BlackTitle "FM"]
[WhiteElo "2399"]
[BlackElo "2242"]
[WhiteFideId "13506862"]
[BlackFideId "13406744"]
[EventDate "2016.09.22"]

1. e4 e5 2. Nf3 Nc6 3. Bb5 a6 4. Ba4 Nf6 5. O-O Be7 6. d3 b5 7. Bb3 d6 8. c3 O-O
9. Nbd2 Na5 10. Bc2 c5 11. Re1 Re8 12. Nf1 g6 13. h3 Nc6 14. Bg5 Nh5 15. Bxe7
Qxe7 16. Ne3 Qd8 17. Qd2 Kg7 18. d4 cxd4 19. cxd4 Qa5 20. Qxa5 Nxa5 21. d5 Bd7
22. Nd2 Rec8 23. Bd3 Nb7 24. b4 Rc3 25. Bf1 Kf8 26. Rec1 Rxc1 27. Rxc1 Ke7 28.
Rc7 Ra7 29. a4 Kd8 30. Rc6 bxa4 31. Rxa6 Rxa6 32. Bxa6 Kc7 33. Nec4 f5 34. f3
Nf4 35. Na3 Kb6 36. Bf1 Nh5 37. Nab1 Nf6 38. Nc3 Ne8 39. Bd3 Nc7 40. Bc2 Na6 41.
Bxa4 Bxa4 42. Nxa4+ Kc7 43. b5 Nac5 44. b6+ Kd7 45. Nxc5+ Nxc5 46. Nc4 fxe4 47.
fxe4 Kd8 48. Nxd6 Kd7 49. Nc4 Kc8 50. Kf2 Kb7 51. Kf3 Ka6 52. g4 Kb5 53. Nd6+
Kxb6 54. g5 Kc7 55. Ne8+ Kd8 56. Nf6 Kc8 57. Ke3 1-0

[Event "World Youth Open U16 2016"]
[Site "Khanty-Mansiysk RUS"]
[Date "2016.10.01"]
[Round "9.12"]
[White "Makhnyov, Denis"]
[Black "Nguyen, Dang Hong Phuc"]
[Result "1/2-1/2"]
[WhiteTitle "FM"]
[WhiteElo "2375"]
[BlackElo "2209"]
[WhiteFideId "13707647"]
[BlackFideId "12402761"]
[EventDate "2016.09.22"]

1. Nf3 Nf6 2. c4 e6 3. g3 b6 4. Bg2 Bb7 5. O-O Be7 6. d4 O-O 7. Re1 Qc8 8. Bf4
d6 9. Nc3 Ne4 10. Nxe4 Bxe4 11. Bh3 Bf6 12. Ng5 Bxg5 13. Bxg5 Qa6 14. f3 Bb7 15.
b3 Qa5 16. Bd2 Qh5 17. Bg2 f5 18. e4 Nd7 19. exf5 Qxf5 20. Re3 e5 21. Bc3 exd4
22. Qxd4 Rf7 23. Rae1 Ne5 24. f4 Bxg2 25. Kxg2 Ng6 26. Qe4 Qxe4+ 27. Rxe4 Kf8
28. Kf3 Ne7 29. Re6 a5 30. a3 Ng8 31. g4 g6 32. h4 Re7 33. Rxe7 Nxe7 34. Rh1 a4
35. b4 d5 36. cxd5 Nxd5 37. Be5 Rd8 38. h5 Ne7 39. Ke4 c6 40. hxg6 hxg6 41. Rh8+
Ng8 42. Rh7 Rd2 43. Rc7 Ne7 44. Bf6 Re2+ 45. Kf3 Nd5 46. Bg7+ Ke8 47. Rc8+ Kd7
48. Kxe2 Kxc8 49. Kf3 Nc7 50. Ke4 Kd7 51. f5 gxf5+ 52. Kxf5 Ke7 53. Bf6+ Kf7 54.
g5 Nb5 55. g6+ Kg8 56. Bb2 Nd6+ 57. Ke6 Nc4 58. Bc1 Kg7 59. Kd7 c5 60. b5 Kxg6
61. Ke6 Na5 62. Kd5 Kf5 63. Bd2 Nb3 64. Bc3 Nd4 1/2-1/2

[Event "World Youth Open U16 2016"]
[Site "Khanty-Mansiysk RUS"]
[Date "2016.10.01"]
[Round "9.13"]
[White "Trubchaninov, Timur"]
[Black "Elistratov, Semen"]
[Result "0-1"]
[BlackTitle "FM"]
[WhiteElo "2233"]
[BlackElo "2371"]
[WhiteFideId "24176931"]
[BlackFideId "24134325"]
[EventDate "2016.09.22"]

1. e4 c5 2. Nf3 d6 3. Bb5+ Nc6 4. O-O Bd7 5. Re1 Nf6 6. h3 Ne5 7. Bxd7+ Nfxd7 8.
Kh2 g6 9. d3 Bg7 10. Nc3 O-O 11. Be3 Nc6 12. Qd2 Nd4 13. Nd1 e5 14. c4 a6 15.
Nc3 Rb8 16. Nd5 b5 17. Rec1 Nb6 18. Nxb6 Qxb6 19. Rab1 Rb7 20. Ne1 Kh8 21. Qd1
Ne6 22. Nc2 f5 23. exf5 gxf5 24. Bd2 Kg8 25. Ne3 f4 26. Nd5 Qd8 27. f3 Bf6 28.
Qe2 Kh8 29. Qe4 Rg7 30. Kh1 Bh4 31. Be1 h6 32. Rc2 Rfg8 33. Rd2 Bxe1 34. Rxe1
Qh4 35. Rg1 Nd4 36. b3 Rg3 37. Ne3 Nxf3 38. Qxf3 Rxf3 39. Nf5 Rxh3+ 40. gxh3
Rxg1+ 41. Kxg1 Qe1+ 0-1